| 000 | 00392 a2200133 4500 | ||
|---|---|---|---|
| 001 | 91942 | ||
| 082 | _aPR 1747 | ||
| 090 |
_c43889 _d43888 |
||
| 100 | _aadnan Fazil; Prof Sohail Ahmed, Advisor | ||
| 245 |
_aDesign and Implementation of a Modem for Data Communication on existing Power-Lines _n65 "B" EC |
||
| 260 |
_aRawalpindi _bNUST _c2008 |
||
| 300 | _a64p | ||
| 500 | _aBE Project Reports | ||
| 942 |
_aCAE NUST _kPR 1747 |
||
| 999 |
_c327015 _d327015 |
||